000 00987nam a2200289 a 4500
001 BRL_897
005 20190320210938.0
008 231013s1973----nyua######---#000-0#eng-#
020 _a0307240320
041 _aeng
044 _anyu
050 4 _aE98.I5
_b.H86 1973
100 1 _aHunter Whiteford, Andrew
_925261
245 1 0 _aNorth American Indian arts
_cby Andrew Hunter Whiteford ; under the editorship of Herbert S. Zim ; illustrated by Owen Vernon Shaffer
260 _aNew York
_bGolden Press
_c1973
300 _a160 p.
_bil. (algunas a color)
_c15 cm.
440 0 _aA Golden science guide
_925262
500 _aAu1003
650 1 4 _aIndígenas de América del Norte
_xArtesanias
_925263
650 1 4 _aIndígenas de América del Norte
_xVida social y costumbres
_925264
650 1 4 _aArte indígena
_zAmérica del Norte
_925201
700 1 _aZim, Herbet S.
_925265
700 1 _aVernon Shaffer, Owen
_eil.
_925266
740 0 _aIndian arts
902 _aGRL
942 _2lcc
_cB
999 _c9709
_d9709